| 000 | 00445nam a2200181Ia 4500 | ||
|---|---|---|---|
| 008 | 230524s9999 xx 000 0 und d | ||
| 020 | _a8121922943 | ||
| 082 |
_a657.155 _bJAI |
||
| 100 | _aP.C.Jain | ||
| 245 | 0 | _aConsumer Behaviour : In Indian Context | |
| 250 | _aIST | ||
| 260 |
_aNEW DELHI _bS.Chand _c2008 |
||
| 300 | _aXXVII;16.25 | ||
| 500 | _aQuantity Number: 3 | ||
| 650 | _aManagement | ||
| 700 | _a Monika Bhatt | ||
| 942 | _cBK | ||
| 999 |
_c43384 _d43384 |
||